Large Number Names - Statistics

General Stats
  • This quiz has been taken 27 times
  • The average score is 13 of 23
Answer Stats
Hint Answer % Correct
10 to the power of 12 Trillion
94%
10 to the power of 9 Billion
88%
10 to the power of 6 Million
88%
10 to the power of 15 Quadrillion
88%
10 to the power of 21 Sextillion
88%
10 to the power of 18 Quintillion
82%
10 to the power of 30 Nonillion
76%
10 to the power of 27 Octillion
76%
10 to the power of 24 Septillion
76%
10 to the power of 33 Decillion
71%
10 to the power of 39 Duodecillion
65%
10 to the power of 100 Googol
65%
10 to the power of 36 Undecillion
65%
10 to the power of googol Googolplex
53%
10 to the power of 51 Sexdecillion
47%
10 to the power of 42 Tridecillion
41%
10 to the power of 48 Quindecillion
35%
10 to the power of 57 Octodecillion
29%
10 to the power of 63 Vigintillion
29%
And finally...10 to the power of 303 Centillion
24%
10 to the power of 60 Novemdecillion
24%
10 to the power of 54 Septendecillion
24%
10 to the power of 45 Quattuordecillion
18%
No matching quizzes found
Score Distribution
Percent of People with Each Score
Percentile by Number Answered
Your Score History
You have not taken this quiz